Bagaimana melintas jalan

Bibliographic Details
Main Author: Muhammad Umar
Format: Book
Published: Kuala Lumpur : Pustaka Prinsip Sdn. Bhd. , 2007

MARC

LEADER 00000cam a2200000 7i4500
001 0000065707
005 20160821.0
008 160821
020 |a 9789830534206 
090 0 0 |a PR   |b MAL 
100 1 |a Muhammad Umar 
245 0 0 |a Bagaimana melintas jalan   |c Muhammad Umar 
260 |a Kuala Lumpur :   |b Pustaka Prinsip Sdn. Bhd. ,   |c 2007 
999 |a 0001049831   |b Book   |c Children Collection   |e Cawangan Tangkak 
999 |a 0001049833   |b Book   |c Children Collection   |e Cawangan Taman Sri Lambak